Empowerment in construction : the way forward for performance improvement (Record no. 9815)

000 -LEADER
fixed length control field 00405nam a2200145Ia 4500
003 - CONTROL NUMBER IDENTIFIER
control field OSt
005 - DATE AND TIME OF LATEST TRANSACTION
control field 20220304103104.0
008 - FIXED-LENGTH DATA ELEMENTS--GENERAL INFORMATION
fixed length control field 220112s9999||||xx |||||||||||||| ||und||
020 ## - INTERNATIONAL STANDARD BOOK NUMBER
International Standard Book Number 9780863802454
082 ## - DEWEY DECIMAL CLASSIFICATION NUMBER
Classification number 624.0684
Item number NES
100 ## - MAIN ENTRY--PERSONAL NAME
Personal name Nesan, Lenin Jawahar, 1965-
245 #0 - TITLE STATEMENT
Title Empowerment in construction : the way forward for performance improvement
260 ## - PUBLICATION, DISTRIBUTION, ETC. (IMPRINT)
Name of publisher, distributor, etc Research Studies Pre
942 ## - ADDED ENTRY ELEMENTS (KOHA)
Source of classification or shelving scheme
Holdings
Withdrawn status Lost status Source of classification or shelving scheme Damaged status Koha normalized classification for sorting Not for loan Permanent location Current location Date acquired Source of acquisition Cost, normal purchase price Full call number Barcode Date last seen Cost, replacement price Price effective from Koha item type
        624_068400000000000_NES   BMS College of Architecture, Design and Planning BMS College of Architecture, Design and Planning 2022-05-25 4 5017.13 624.0684 NES AR-UG2398 2022-05-25 6689.50 2022-05-25 UG Books
Copyright © 2025, The Librarian, Library and Information Centre, BMSCA D&P, Bengaluru. All Rights Reserved
web counter

Powered by Koha